Exploring General Equilibrium
Na minha lista:
| Autor principal: | |
|---|---|
| Formato: | Livro |
| Idioma: | inglês |
| Publicado em: |
Cambridge
The MIT Press
1995
|
| Edição: | 1. ed. |
| Assuntos: | |
| Tags: |
Sem tags, seja o primeiro a adicionar uma tag!
|
MARC
| LEADER | 00000nam a2200000 4500 | ||
|---|---|---|---|
| 001 | c014764 | ||
| 005 | 20221205132956.4 | ||
| 020 | |a 0-262-02382-2 | ||
| 041 | 0 | |a eng | |
| 044 | |a US | ||
| 245 | 1 | 0 | |a Exploring General Equilibrium |c Fischer Black |
| 250 | |a 1. ed. | ||
| 264 | 1 | |a Cambridge |b The MIT Press |c 1995 | |
| 300 | |a 318 s. | ||
| 610 | 2 | 0 | |a rovnováha |
| 610 | 2 | 0 | |a rovnováha hospodárska |
| 610 | 2 | 0 | |a cykly hospodárske |
| 100 | 1 | |a Black, Fischer | |